000 00912cam a22002897a 4500
003 CHAP
005 20220329140304.0
008 971013s r 00010 d
010 _a49819
011 _a50791
035 _a54941
040 _cCHAP
082 _a332.71
_bR64
100 0 0 _aRochac, Alfonso.
_998203
245 1 3 _aEl crédito de rehabilitación en los Estados Unidos de América
260 _a(s.l.) :
_b(s.e.),
_c(s.a.)
300 _a55 h. y anexos
500 _aSeminario centroamericano de crédito agrícola. Guatemala, 1952
590 _aBATCH-UPD
_b10
_c20130110
_lUCH01
_h0614
590 _aBATCH-UPD
_b10
_c20130410
_lUCH01
_h0257
590 _aBATCH-UPD
_b10
_c20130914
_lUCH01
_h1101
590 _aCONVERSION
_b10
_c20130109
_lUCH01
_h1327
650 1 4 _aCrédito agrícola
_xE.U.A.
_929051
901 _aBK
942 _cLIBRO
949 _a332.71 R64
_bBC
_cLIBRO
_d-120895
_eLIBRO
_i54941
_si
999 _c49819
_d49819